| 000 | 00583nam a22002057a 4500 | ||
|---|---|---|---|
| 003 | OSt | ||
| 005 | 20160518143845.0 | ||
| 008 | 160518b xxu||||| |||| 00| 0 eng d | ||
| 020 | _a9780080450421 | ||
| 040 | _cDNLM | ||
| 082 | _aWB555 S33e 2009 | ||
| 100 |
_aEdited by Edward, A.S. Duncan _98865 |
||
| 245 | _aSkills for Practice in Occupational Therapy | ||
| 260 | _aEdinburgh; Churchill, 2009 | ||
| 300 | _axv,360p; col.ill: 24cm | ||
| 504 | _aReferences, & index included | ||
| 650 |
_aOccupational Therapy _92299 |
||
| 650 |
_aPhysical medicine _98357 |
||
| 942 |
_2z _cO_SHELF |
||
| 999 |
_c4095 _d4095 |
||